| 000 | 00510cam a2200169 4500 | ||
|---|---|---|---|
| 001 | BFIL012900 | ||
| 008 | 1994 spa | ||
| 035 | _a(Sirsi) BFIL012900 | ||
| 050 | 4 |
_aF1227 _bS36 1944 |
|
| 100 | 1 | _aSchmidl, Ulrico | |
| 245 | 0 |
_aDerrotero y viaje a espaƱa y las Indias / _cUlrico Schmidl ; tr. Edmundo Wernicke ; prol. Enrique de Gianlia. |
|
| 260 |
_argentina : _bEspasa-Calpe, _c1994 |
||
| 300 |
_a152 p. ; _c18 cm. |
||
| 440 | 0 | _aAustral | |
| 500 | _a1 ejem. | ||
| 942 |
_2lcc _cLIB |
||
| 999 |
_c93102 _d93102 |
||